00707nam a2200241 a 4500001001300000003000900013005001700022008004100039020001000080082001600090100001700106245003800123260003900161300001000200500003500210505001200245650003000257700001700287902000800304942000700312952012900319999001700448nice12345678IN_TiNIC20260116013426.0050524s1990 dela grp 000 0 urd  ac12500a297.1bAHM2 aAhmad, Azeez aHind-O-Pak Mein Islami Jadidiyat. aDelhibEducational Pub Housec1990 a404p. aincludes index and biblioraphy2 aIndexes aIslam and Social Problems1 aAhmad, Azeez bSRS cBK 001040708StackRoom-aHMIbHMId2007-07-27g125.00l1o297.1 AHM2p017940r2022-02-02s2022-01-19v125.00w2005-05-24yBK c10927d10927